The new naked manager

Αποθηκεύτηκε σε:
Λεπτομέρειες βιβλιογραφικής εγγραφής
Κύριος συγγραφέας: Heller, Robert
Μορφή: Βιβλίο
Γλώσσα:Undetermined
Έκδοση: New York Coronet Books 1986
Θέματα:
Ετικέτες: Προσθήκη ετικέτας
Δεν υπάρχουν, Καταχωρήστε ετικέτα πρώτοι!
Thư viện lưu trữ: Trung tâm Học liệu Trường Đại học Cần Thơ
LEADER 00451nam a2200181Ia 4500
001 CTU_86620
008 210402s9999 xx 000 0 und d
082 |a 658.4 
082 |b H477 
100 |a Heller, Robert 
245 4 |a The new naked manager 
245 0 |c Robert Heller 
260 |a New York 
260 |b Coronet Books 
260 |c 1986 
650 |a Management 
904 |i Năm 
980 |a Trung tâm Học liệu Trường Đại học Cần Thơ